ბათუმის შოთა რუსთაველის სახელმწიფო უნივერსიტეტის ბიბლიოთეკა

Building Intelligent Systems: (ბიბ.ჩანაწერი № 61611)

000 -LEADER
fixed length control field 00580nam a22001817a 4500
005 - DATE AND TIME OF LATEST TRANSACTION
control field 20240329141810.0
008 - FIXED-LENGTH DATA ELEMENTS--GENERAL INFORMATION
fixed length control field 240329s2018 enk||||| |||| 00| 0 eng d
020 ## - INTERNATIONAL STANDARD BOOK NUMBER
International Standard Book Number 9781484234310
041 ## - LANGUAGE CODE
Language code of text/sound track or separate title eng
080 ## - UNIVERSAL DECIMAL CLASSIFICATION NUMBER
Universal Decimal Classification number 621.07 H-88
100 ## - MAIN ENTRY--PERSONAL NAME
Personal name Hulten, Geoff
9 (RLIN) 21632
245 ## - TITLE STATEMENT
Title Building Intelligent Systems:
Remainder of title A Guide to Machine Learning Engineering /
Statement of responsibility, etc. Geoff Hulten.
264 ## - PRODUCTION, PUBLICATION, DISTRIBUTION, MANUFACTURE, AND COPYRIGHT NOTICE
Place of production, publication, distribution, manufacture Lynwood :
Name of producer, publisher, distributor, manufacturer Apress,
Date of production, publication, distribution, manufacture, or copyright notice 2018.
300 ## - PHYSICAL DESCRIPTION
Extent 340 p.;
Other physical details 26 cm.
653 ## - INDEX TERM--UNCONTROLLED
keyword მანქანათმცოდნეობა
653 ## - INDEX TERM--UNCONTROLLED
keyword ინჟინერია
942 ## - ADDED ENTRY ELEMENTS (KOHA)
Source of classification or shelving scheme
Koha item type წიგნი
ეგზემპლარები
Withdrawn status Lost status Source of classification or shelving scheme Damaged status Not for loan Permanent Location Current Location Shelving location Date acquired Cost, normal purchase price Full call number Barcode Date last seen Copy number Price effective from Koha item type Public note
          ბათუმის შოთა რუსთაველის სახელმწიფო უნივერსიტეტის მთავარი ბიბლიოთეკა ბათუმის შოთა რუსთაველის სახელმწიფო უნივერსიტეტის მთავარი ბიბლიოთეკა წიგნსაცავი 2024-03-29 159.00 621.07 H-88 67751 2024-03-29 67751 2024-03-29 წიგნი 159 ლ.